| 000 | 00943nam a2200241 a 4500 | ||
|---|---|---|---|
| 001 | 81323 | ||
| 003 | BD-RjUL | ||
| 005 | 20240122124605.0 | ||
| 008 | 230404s2020 bg ||||| m||| 00| 0 eng d | ||
| 035 | _a(BD-RjUL)81323 | ||
| 040 |
_aBD-RjUL _beng _cBD-RjUL _dBD-RjUL |
||
| 041 | _aeng | ||
| 082 |
_a368.095492 _bSAL 2020 _223 |
||
| 100 |
_aSaha, Amitab _97272 |
||
| 245 | 1 | 0 |
_aLinking Human Resource Strategy to from Performance in the Ready-Made Garment Industry : _bEvidence From Bangladesh / _cAmitab Saha ; _6Supervisor : Shaikh M. Nurullah. |
| 260 |
_aRajshahi : _bDepartment of Management Studies, University of Rajshahi, _c2020. |
||
| 300 |
_axvi, 266 Leaves : _c29 cm. |
||
| 502 | _aThesis (M. Phil.) -- Department of Management Studies, University of Rajshahi, 2020 | ||
| 504 | _aReferences : Leaves 185-246 | ||
| 650 |
_aProduction _vIndustry _zBangladesh _97273 |
||
| 700 |
_aNurullah, Shaikh M. Supervisor _97274 |
||
| 942 |
_2ddc _cTHE |
||
| 999 |
_c81323 _d81323 |
||